000 00536nam a2200181Ia 4500
005 20250326141359.0
008 250326s9999 xx 000 0 und d
037 _aTextbook
040 _aFMSL
_beng
_cFMSL
041 _aeng
_2eng
084 _qFMSL
100 _aStevenson Glenng
_9744318
245 0 _aCommon property economics : A general theory and land use applications
_cStevenson Glenng
260 _aNew York
_bNew York, Combridge University Press
_c1991
300 _a256p
942 _cTB
999 _c1290040
_d1290040